000 00499nam a22001457a 4500
008 160201b xxu||||| |||| 00| 0 eng d
020 _a007829813X
082 _22005
_aDK12 425.07
_bG558
245 _aGlencoe writer's choice :
_bgrammar and composition : grade 12 /
260 _aNew York :
_bMcGraw-Hill/Glencoe,
_cc2005.
300 _axxviii, 939 pages. :
_bcolor illustration ;
_c29 cm.
500 _aIncludes glossary and index.
650 0 _92356
_aGrammar
_xStudy and teaching.
942 _2ddc
_cDC
999 _c937
_d937